आत्मनिवेदन आणि हिंदू विश्वविद्यालय दर्शन (Record no. 958154)

MARC details
000 -LEADER
fixed length control field 00420nam a2200133Ia 4500
008 - FIXED-LENGTH DATA ELEMENTS--GENERAL INFORMATION
fixed length control field 151001s9999||||xx |||||||||||||| ||und||
100 ## - MAIN ENTRY--PERSONAL NAME
Personal name भा गो घाणेकर
245 ## - TITLE STATEMENT
Title आत्मनिवेदन आणि हिंदू विश्वविद्यालय दर्शन
250 ## - EDITION STATEMENT
Edition statement 3
260 ## - PUBLICATION, DISTRIBUTION, ETC. (IMPRINT)
Name of publisher, distributor, etc केशरी प्रकाशन
260 ## - PUBLICATION, DISTRIBUTION, ETC. (IMPRINT)
Date of publication, distribution, etc 1972
300 ## - PHYSICAL DESCRIPTION
Extent 511
365 ## - TRADE PRICE
Price amount 18

No items available.